Konštrukcie pozemných stavieb : masívne steny
Salvato in:
| Autore principale: | |
|---|---|
| Altri autori: | , |
| Natura: | Libro |
| Lingua: | slovacco |
| Pubblicazione: |
Bratislava :
Spektrum STU,
2017
|
| Edizione: | 1. vyd. |
| Serie: | Edícia skrípt
|
| Soggetti: | |
| Tags: |
Nessun Tag, puoi essere il primo ad aggiungerne!!
|
MARC
| LEADER | 00000nam a22000003a 4500 | ||
|---|---|---|---|
| 001 | 0029696 | ||
| 003 | SK-STU | ||
| 005 | 20220225112317.5 | ||
| 007 | ta | ||
| 008 | 180109s -------||||||||||-|||-||----d | ||
| 020 | |a 978-80-227-4759-2 | ||
| 041 | 0 | |a slo | |
| 044 | |a xo | ||
| 100 | 1 | |4 aut |9 100 |a Hraška, Jozef, |d 1953- |u 010180 |r Z1 |U SvF Stavebná fakulta |T SvF Katedra konštrukcií pozemných stavieb |X 899 |U V180 |Y 18 |7 A000000899 | |
| 242 | 0 | 0 | |a Structures of buildings : |b Massive walls |y eng |
| 245 | 1 | 0 | |a Konštrukcie pozemných stavieb : |b masívne steny |
| 250 | |a 1. vyd. | ||
| 260 | |a Bratislava : |b Spektrum STU, |c 2017 | ||
| 300 | |a 139 s. | ||
| 490 | 1 | |a Edícia skrípt | |
| 650 | 0 | 4 | |a stenové konštrukcie |
| 650 | 0 | 4 | |a masívne steny |
| 650 | 0 | 4 | |a konštrukcie budov |
| 700 | 1 | |a Ďurica, Pavol |4 rev | |
| 700 | 1 | |a Katunský, Dušan |4 rev | |
| 996 | |b 284V040884 |c V* 43692/S-18 |l VVT |s A |a 24 |w 0029696_0001 | ||
| 996 | |b 284V040885 |c V* 43693/S-18 |l VVS |s A |a 24 |w 0029696_0002 | ||